[Event "RN-2012-0-00579"]
[Site "LSS email"]
[Date "2012.12.22"]
[Round "?"]
[White "Bester, Kazimierz"]
[Black "Aslan, Omer"]
[Result "1-0"]
[WhiteElo "775"]
[BlackElo "688"]
[PlyCount "43"]
[EventDate "2012.12.14"]
[EventType "tourn (corr)"]
[EventRounds "6"]
[EventCountry "GER"]
[SourceTitle "Telechess CBM 159"]
[Source "ChessBase"]
[SourceDate "2014.03.17"]
[SourceVersion "1"]
[SourceVersionDate "2014.03.17"]
[SourceQuality "1"]

1. f4 e5 2. d3 Nc6 3. Nf3 f6 4. e3 Bc5 5. c3 Bb6 6. fxe5 fxe5 7. Be2 d5 8. 0-0 Nf6 9. Kh1 0-0 10. d4 e4 11. Ne5 Bd7 12. Nd2 Qe7 13. Nxc6 Bxc6 14. Rf4 a5 15. Nb3 a4 16. Nd2 Ba7 17. Nf1 Nd7 18. Ng3 Rxf4 19. exf4 Nb6 20. Bg4 Nc4 21. Nf5 Qf6 22. b3 1-0

[Event "RN-2012-0-00579"]
[Site "LSS email"]
[Date "2012.12.21"]
[Round "?"]
[White "Arango Marin, Sixto Gregorio"]
[Black "Aslan, Omer"]
[Result "1-0"]
[WhiteElo "797"]
[BlackElo "688"]
[PlyCount "25"]
[EventDate "2012.12.14"]
[EventType "tourn (corr)"]
[EventRounds "6"]
[EventCountry "GER"]
[SourceTitle "Corr 2015"]
[Source "ChessBase"]
[SourceDate "2015.07.17"]
[SourceVersion "1"]
[SourceVersionDate "2015.07.17"]
[SourceQuality "1"]

1. d4 d5 2. Nc3 Nf6 3. Bg5 Nbd7 4. e3 b6 5. Bb5 e6 6. Bxf6 Qxf6 7. Nf3 a6 8. Bxd7+ Bxd7 9. 0-0 Bd6 10. a3 0-0 11. e4 dxe4 12. Nxe4 Qg6 13. Nxd6 1-0

[Event "ZN-2012-0-02145"]
[Site "LSS email"]
[Date "2012.12.21"]
[Round "?"]
[White "Sharaukhov, Sergey"]
[Black "Aslan, Omer"]
[Result "1-0"]
[WhiteElo "1105"]
[BlackElo "686"]
[PlyCount "23"]
[EventDate "2012.12.16"]
[EventType "match (corr)"]
[EventRounds "2"]
[EventCountry "GER"]
[SourceTitle "Corr 2015"]
[Source "ChessBase"]
[SourceDate "2015.07.17"]
[SourceVersion "1"]
[SourceVersionDate "2015.07.17"]
[SourceQuality "1"]

1. e4 e5 2. d4 exd4 3. c3 Nf6 4. e5 Nd5 5. Bc4 Nb6 6. Bb3 Nc6 7. Nf3 d6 8. exd6 Bxd6 9. Nxd4 Nxd4 10. Qxd4 0-0 11. 0-0 c5 12. Qd1 1-0

[Event "OP-2012-0-02530"]
[Site "LSS email"]
[Date "2012.12.07"]
[Round "?"]
[White "Vontina, Maria"]
[Black "Aslan, Omer"]
[Result "1-0"]
[WhiteElo "761"]
[BlackElo "686"]
[PlyCount "37"]
[EventDate "2012.12.03"]
[EventType "tourn (corr)"]
[EventRounds "4"]
[EventCountry "GER"]
[SourceTitle "Corr 2015"]
[Source "ChessBase"]
[SourceDate "2015.07.17"]
[SourceVersion "1"]
[SourceVersionDate "2015.07.17"]
[SourceQuality "1"]

1. e4 c5 2. Nf3 Nc6 3. d4 cxd4 4. Nxd4 Nf6 5. Nc3 e5 6. Ndb5 d6 7. Bg5 a6 8. Na3 Be6 9. Nd5 Bxd5 10. Bxf6 Qxf6 11. Qxd5 Nb4 12. Qd2 a5 13. c3 Nc6 14. Bb5 Rc8 15. 0-0 Be7 16. Nc4 0-0 17. Rad1 Rfd8 18. Nb6 Rc7 19. Nd5 1-0

[Event "OP-2012-0-02518"]
[Site "LSS email"]
[Date "2012.11.28"]
[Round "?"]
[White "Husemann, Andreas"]
[Black "Aslan, Omer"]
[Result "1-0"]
[WhiteElo "2091"]
[BlackElo "694"]
[PlyCount "37"]
[EventDate "2012.11.24"]
[EventType "tourn (corr)"]
[EventRounds "4"]
[EventCountry "GER"]
[SourceTitle "Corr 2015"]
[Source "ChessBase"]
[SourceDate "2015.07.17"]
[SourceVersion "1"]
[SourceVersionDate "2015.07.17"]
[SourceQuality "1"]

1. d4 Nf6 2. c4 e6 3. Nc3 d5 4. Bg5 Nbd7 5. e3 Be7 6. Nf3 0-0 7. Rc1 c6 8. a3 h6 9. Bh4 g5 10. Bg3 c5 11. cxd5 exd5 12. dxc5 Nxc5 13. Nd4 Ne6 14. h4 Kg7 15. Nf5+ Kg6 16. hxg5 Nxg5 17. Rxh6+ Kxf5 18. Bd3+ Ke6 19. Qg4# 1-0

[Event "ZN-2012-0-02108"]
[Site "LSS email"]
[Date "2012.11.16"]
[Round "?"]
[White "Aslan, Omer"]
[Black "Trebichalsky, Rastislav"]
[Result "0-1"]
[WhiteElo "686"]
[BlackElo "642"]
[PlyCount "42"]
[EventDate "2012.11.12"]
[EventType "match (corr)"]
[EventRounds "2"]
[EventCountry "GER"]
[SourceTitle "Telechess CBM 165"]
[Source "ChessBase"]
[SourceDate "2015.03.11"]
[SourceVersion "1"]
[SourceVersionDate "2015.03.11"]
[SourceQuality "1"]

1. e4 e5 2. Nf3 d6 3. d4 exd4 4. Qxd4 Nc6 5. Bb5 Bd7 6. Bxc6 Bxc6 7. 0-0 h6 8. Nc3 Qf6 9. Qd3 0-0-0 10. Be3 a6 11. Rfd1 Qe6 12. e5 Bxf3 13. gxf3 Be7 14. Kf1 dxe5 15. Nd5 c6 16. Nxe7+ Nxe7 17. Qe2 Rxd1+ 18. Rxd1 Qxa2 19. b3 Nd5 20. c4 Qxe2+ 21. Kxe2 Nc3+ 0-1

[Event "SN-2012-0-00469"]
[Site "LSS email"]
[Date "2012.11.14"]
[Round "?"]
[White "Hughes, Chris"]
[Black "Aslan, Omer"]
[Result "1-0"]
[WhiteElo "768"]
[BlackElo "686"]
[PlyCount "41"]
[EventDate "2012.10.16"]
[EventType "tourn (corr)"]
[EventRounds "6"]
[EventCountry "GER"]
[SourceTitle "Telechess CBM 163"]
[Source "ChessBase"]
[SourceDate "2014.11.11"]
[SourceVersion "2"]
[SourceVersionDate "2014.11.11"]
[SourceQuality "1"]

1. d4 d5 2. c4 e6 3. Nc3 Nf6 4. Bg5 Nbd7 5. Nf3 Bb4 6. cxd5 exd5 7. Qc2 0-0 8. e3 h6 9. Bh4 c5 10. Bd3 c4 11. Bf5 Qb6 12. 0-0 g6 13. Bxd7 Bxd7 14. Bxf6 Qxf6 15. Nxd5 Qd6 16. Qxc4 a5 17. e4 Rfc8 18. Qe2 Be6 19. Nf6+ Kg7 20. e5 Qd5 21. Nxd5 1-0

[Event "OP-2012-0-02492"]
[Site "LSS email"]
[Date "2012.11.12"]
[Round "?"]
[White "Aslan, Omer"]
[Black "Gorbatov, Valentin"]
[Result "0-1"]
[WhiteElo "686"]
[BlackElo "1340"]
[PlyCount "31"]
[EventDate "2012.11.08"]
[EventType "tourn (corr)"]
[EventRounds "4"]
[EventCountry "GER"]
[SourceTitle "Corr 2015"]
[Source "ChessBase"]
[SourceDate "2015.07.17"]
[SourceVersion "1"]
[SourceVersionDate "2015.07.17"]
[SourceQuality "1"]

1. c4 e5 2. b3 Nf6 3. Bb2 Nc6 4. e3 Be7 5. a3 d5 6. cxd5 Qxd5 7. Nc3 Qd7 8. Qc2 0-0 9. Nf3 a6 10. Ne4 Nxe4 11. Qxe4 Rd8 12. Bc4 Bf6 13. 0-0 Qd6 14. d4 exd4 15. exd4 b5 16. Rfe1 0-1